Užívanie drog očami vysokoškolákov

Bibliographic Details
Main Author: Vašašová, Zlata (Author)
Format: Article
Language:Slovak
PhysicalDescription:Tab.
ISSN:1335-5864
Subjects:

MARC

LEADER 00000nab a2200000 a 4500
001 vtls000831725
003 SK-MaSNL
005 20260304110101.0
008 250429c2003 xo 0 slo
015 |a SNBRB2003/04-11463 
035 |a CLN000183380 
035 |a urn:nbn:sk:snk-ab2ww9 
035 |a (urnnbn)urn:nbn:sk:snk:ar-a031tp 
035 |a (uuid)4ec3d17d-d8d9-4c01-8cf2-01cdc4b146cd 
040 |a SNKBUCL  |b slo  |c SNKBUCL  |e AACR2 
041 0 |a slo 
044 |a xo  |c SK 
080 |a 379.18:178.8  |2 1997 
080 |a 178.8-057.875  |2 1997 
100 1 |a Vašašová, Zlata  |4 aut  |9 315384 
245 1 0 |a Užívanie drog očami vysokoškolákov  |c Zlata Vašašová 
300 |b Tab. 
504 |a Bibliogr. odkazy 
504 |a Res. angl. 
650 0 7 |a drogy  |2 snkbucl  |9 1552 
650 0 7 |a vysokoškolskí študenti  |2 snkbucl  |9 3981 
655 7 |a články z novín a časopisov  |2 snkbucl  |9 267496 
773 0 |t Mládež a spoločnosť  |g Roč. 9, č. 1 (2003), s. 42- 52  |x 1335-5864 
850 |a Slovenská národná knižnica 
852 |a Slovenská národná knižnica 
954 |a odborná, vedecká literatúra pôvodná (slovenská)  |2 lita 
958 |a article27 
958 |a SK 
958 |a NB 
958 |a OND 
958 |a EUIPO 
992 |a RBX 
999 |c 2858421  |d 2860351